| 000 | 00468nam a2200169 i 4500 | ||
|---|---|---|---|
| 001 | 56733 | ||
| 003 | ES-MaACL | ||
| 005 | 20230906163432.0 | ||
| 007 | t| | ||
| 008 | 031013s1946 it ||||1| ita d | ||
| 100 | 1 |
_aD'Ippolito, Teodoro. _942375 |
|
| 245 | 1 | 3 |
_aLa valutazione delle aziende in auviamento / _cTeodoro D'Ippolito. |
| 250 | _a2ª ed. | ||
| 260 |
_aMilano : _bA. Giuffré, _c1946. |
||
| 300 |
_a86 p. ; _c26 cm. |
||
| 852 |
_aES-MaACL _j1873-F-4 _bR.24019 |
||
| 999 |
_c56733 _d56733 |
||